00950 a2200205 4500003000500000005001700005010001600022020001500038040000900053082001200062100001500074245006200089260005500151300003300206500005900239505036500298538003000663650002600693650002500719Nust20170207153255.0 a 75042154 a0882753770 cNust00a624.1711 aLin, Y. K.10aProbabilistic theory of structural dynamics /cY. K. Lin. aHuntington, N.Y. :bR. E. Krieger Pub. Co.,c1976, axi, 368 p. :bill. ;c24 cm. aReprint of the ed. published by McGraw-Hill, New York. aIntroduction (Page-1) Some Aspects of Probability (Page-6) Theory Random Processes (Page-67) Gaussian Poisson and Markov Random Process (Page-67) Linear Structures with Single Degree Freedom (Page-110) Linear Continuous Structure (Page-203)Nonlinear Structures (Page-253) Structural Failures Resulting From Dynamic Response and Related Topics (Page-293)   aAlmirah No.42 Shelf No. 2 0aStochastic processes. 0aStructural dynamics.